| 000 | 00714nam a2200205 i 4500 | ||
|---|---|---|---|
| 001 | 106979 | ||
| 003 | ES-MaACL | ||
| 005 | 20240611140540.0 | ||
| 007 | t| | ||
| 008 | 061121s1961 sp r ||||1| spa d | ||
| 100 | 1 |
_aMoreno Villa, José, _d1887-1955 _983443 |
|
| 245 | 1 | 0 |
_aVelázquez / _cJosé Moreno Villa ; edición y nota previa de Angel Caffarena Such; introducción de Alfonso Canales. |
| 260 |
_aMálaga : _bDardo, _c1961. |
||
| 300 |
_a54 p. 3 hojas de lam ; _c17 cm. |
||
| 600 | 1 | 4 |
_aVelázquez, Diego, _d1599-1660 _9113793 |
| 700 | 1 |
_aCaffarena, Ángel, _d1914-1998 _933414 |
|
| 700 | 0 |
_aCanales, Alfonso, _d1923- _934387 |
|
| 852 |
_aES-MaACL _jG-13707 _bR.47888 |
||
| 999 |
_c106979 _d106979 |
||